000 00875nam a2200289 a 4500
001 56601
003 BD-RjUL
005 20211209080420.0
008 930621s1994 nyu b 001 0 eng
020 _a0195085361 (acidfree paper)
020 _a019508537X (pbk.)
035 _a(BD-RjUL)56725
040 _aDLC
_cDLC
_dBD-RjUL
_beng
041 _aeng
082 0 0 _a174.2
_223
_bBEP 1979
100 1 _aBeauchamp, Tom L.
_9138946
245 1 0 _aPrinciples of biomedical ethics /
_cTom L. Beauchamp, James F. Childress.
250 _a4th ed.
260 _aNew York :
_bOxford University Press,
_c1997.
300 _ax, 546 p. ;
_c24 cm.
504 _aIncludes bibliographical references and index.
650 0 _aMedical ethics.
_9138947
650 2 _aEthics, Medical.
_9168347
700 1 _aChildress, James F.
_9138948
942 _2ddc
_cBK
999 _c56601
_d56601